[Event "CAN-ch U20"]
[Site "Mississauga CAN"]
[Date "2017.08.10"]
[Round "3.5"]
[White "Yang, Fan"]
[Black "Li, William"]
[Result "0-1"]
[WhiteElo "2103"]
[BlackElo "2142"]
[WhiteFideId "-1"]
[WhiteFideId "-1"]
[PlyCount "108"]
[GameId "2160767908347441"]
[EventDate "2017.08.09"]
[EventType "swiss"]
[EventRounds "7"]
[EventCountry "CAN"]
[SourceTitle "hb 2017"]

1. e4 c5 2. Nf3 d6 3. d4 cxd4 4. Nxd4 Nf6 5. Nc3 a6 6. Be3 e5 7. Nb3 Be6 8. Be2 Be7 9. O-O O-O 10. h3 Nbd7 11. Qd2 b5 12. a3 Qc7 13. f4 exf4 14. Bxf4 Ne5 15. Rad1 Rfd8 16. Kh1 Rac8 17. Nd4 Qb7 18. Qe3 Rd7 19. Nxe6 fxe6 20. Bxe5 dxe5 21. Rxd7 Qxd7 22. Rf3 Qd4 23. Bd3 Qxe3 24. Rxe3 Bxa3 25. Nxb5 Bxb2 26. Nd6 Rc6 27. Nc4 Bd4 28. Re1 Bc3 29. Rb1 Nxe4 30. Rb8+ Kf7 31. Nxe5+ Bxe5 32. Rb7+ Rc7 33. Rxc7+ Bxc7 34. Bxe4 Kf6 35. Kg1 Ke5 36. Bxh7 a5 37. Bd3 Kd4 38. Bb5 Kc3 39. Ba4 Bb6+ 40. Kf1 Kd2 41. h4 e5 42. Bc6 Kxc2 43. Ke2 Bd8 44. h5 Bg5 45. Kf3 Kd3 46. Kg4 Bd2 47. Kf5 Kd4 48. g4 Bc1 49. Kg6 e4 50. Kxg7 e3 51. h6 Kc5 52. Bf3 a4 53. h7 a3 54. Kg8 Bb2 0-1

[Event "CAN-ch U20"]
[Site "Mississauga CAN"]
[Date "2017.08.10"]
[Round "3.6"]
[White "Nasir, Zehn"]
[Black "Zhang, Henry"]
[Result "1-0"]
[WhiteElo "2221"]
[BlackElo "2205"]
[WhiteFideId "-1"]
[WhiteFideId "-1"]
[PlyCount "63"]
[GameId "2160767908347442"]
[EventDate "2017.08.09"]
[EventType "swiss"]
[EventRounds "7"]
[EventCountry "CAN"]
[SourceTitle "hb 2017"]

1. e4 c5 2. Nf3 e6 3. d4 cxd4 4. Nxd4 Nc6 5. Nb5 d6 6. c4 Nf6 7. N5c3 Be7 8. Be2 O-O 9. O-O a6 10. Re1 b6 11. Bf4 Bb7 12. Nd2 Qc7 13. Rc1 Ne5 14. b4 Rac8 15. Bf1 Rfd8 16. a3 Qb8 17. Qe2 Ned7 18. f3 Re8 19. Qf2 Bd8 20. Red1 Bc7 21. g3 d5 22. Bxc7 Rxc7 23. cxd5 exd5 24. exd5 Nxd5 25. Nxd5 Bxd5 26. Bxa6 Ne5 27. Bb5 Ree7 28. Qd4 Rxc1 29. Rxc1 Nxf3+ 30. Nxf3 Bxf3 31. Qf4 Qa8 32. Qxf3 1-0

[Event "CAN-ch U20"]
[Site "Mississauga CAN"]
[Date "2017.08.10"]
[Round "3.8"]
[White "Maulucci, Anthony"]
[Black "Ning, Eric"]
[Result "1/2-1/2"]
[WhiteElo "2087"]
[BlackElo "1926"]
[WhiteFideId "-1"]
[WhiteFideId "-1"]
[PlyCount "114"]
[GameId "2160767908347444"]
[EventDate "2017.08.09"]
[EventType "swiss"]
[EventRounds "7"]
[EventCountry "CAN"]
[SourceTitle "hb 2017"]

1. d4 Nf6 2. c4 g6 3. Nc3 d5 4. cxd5 Nxd5 5. e4 Nxc3 6. bxc3 Bg7 7. Bc4 c5 8. Ne2 Nc6 9. Be3 O-O 10. O-O Qc7 11. Rc1 Rd8 12. Bf4 Qd7 13. d5 Na5 14. Bd3 c4 15. Bc2 b5 16. Rb1 a6 17. Qc1 e5 18. Bh6 Nb7 19. Bxg7 Kxg7 20. Qe3 Nd6 21. Kh1 Qe7 22. f4 f6 23. fxe5 fxe5 24. Rf3 Bg4 25. Rf2 Rf8 26. Rbf1 Rxf2 27. Rxf2 Rf8 28. Ng1 Rb8 29. h3 Bc8 30. Qc5 a5 31. Nf3 b4 32. Nxe5 b3 33. axb3 cxb3 34. Bxb3 Rb5 35. Qd4 Kg8 36. Ba4 Rb1+ 37. Kh2 Re1 38. Bc2 Nb5 39. Nc6 Qc7+ 40. Qe5 Qxe5+ 41. Nxe5 Nxc3 42. d6 a4 43. d7 Bxd7 44. Nxd7 a3 45. Bb3+ Kg7 46. e5 Rb1 47. Nc5 Rb2 48. Rf4 h5 49. Rf7+ Kh6 50. e6 a2 51. Ra7 Re2 52. e7 Rxe7 53. Ra3 Re2 54. Bc4 Rc2 55. Nd3 Nb1 56. Ra4 Rxc4 57. Rxa2 Rd4 1/2-1/2

[Event "CAN-ch U20"]
[Site "Mississauga CAN"]
[Date "2017.08.10"]
[Round "3.9"]
[White "Huang, Youhe"]
[Black "Issani, Nameer"]
[Result "1/2-1/2"]
[WhiteElo "1680"]
[BlackElo "2072"]
[WhiteFideId "-1"]
[WhiteFideId "-1"]
[PlyCount "72"]
[GameId "2160767908347445"]
[EventDate "2017.08.09"]
[EventType "swiss"]
[EventRounds "7"]
[EventCountry "CAN"]
[SourceTitle "hb 2017"]

1. e4 e5 2. Nf3 Nc6 3. Bc4 Bc5 4. b4 Bxb4 5. c3 Bd6 6. d4 Nf6 7. Ng5 O-O 8. f4 exf4 9. e5 Qe7 10. O-O Bxe5 11. dxe5 Qxe5 12. Bxf7+ Rxf7 13. Nxf7 Kxf7 14. Bxf4 Qc5+ 15. Kh1 d6 16. Qb3+ Kf8 17. Nd2 Na5 18. Qc2 Bf5 19. Qb2 Re8 20. Rae1 Rxe1 21. Rxe1 b6 22. Be3 Qd5 23. Bd4 Nc6 24. Bxf6 gxf6 25. c4 Qd4 26. Qc1 Ne5 27. Nf3 Qxc4 28. Nxe5 Qxc1 29. Rxc1 dxe5 30. Rxc7 a6 31. Rc6 Kg7 32. Rxb6 Bd3 33. Kg1 Kg6 34. Kf2 Kf5 35. Ke3 Bc4 36. a3 h6 1/2-1/2

[Event "CAN-ch U20"]
[Site "Mississauga CAN"]
[Date "2017.08.10"]
[Round "3.10"]
[White "Noorali, Aahil"]
[Black "Zheng, Kevin"]
[Result "1-0"]
[WhiteElo "2008"]
[BlackElo "1874"]
[WhiteFideId "-1"]
[WhiteFideId "-1"]
[PlyCount "91"]
[GameId "2160767908347446"]
[EventDate "2017.08.09"]
[EventType "swiss"]
[EventRounds "7"]
[EventCountry "CAN"]
[SourceTitle "hb 2017"]

1. d4 Nf6 2. c4 g6 3. Nc3 d5 4. cxd5 Nxd5 5. e4 Nxc3 6. bxc3 Bg7 7. Bc4 c5 8. Ne2 Nc6 9. Be3 O-O 10. O-O Qc7 11. Rc1 Rd8 12. a3 e6 13. Bg5 Rd7 14. Bb5 a6 15. Bxc6 Qxc6 16. f3 b5 17. Qb3 c4 18. Qc2 Qb6 19. Kh1 Bb7 20. Ng3 Rc8 21. e5 a5 22. Rb1 Bd5 23. Ne4 Bxe4 24. fxe4 Bf8 25. Qa2 Qc6 26. Rfe1 b4 27. axb4 axb4 28. cxb4 c3 29. b5 Qb6 30. Be3 c2 31. Rbc1 Ra7 32. Qb3 Ra3 33. Qb2 Rac3 34. Ra1 R3c4 35. Rec1 Rb4 36. Qa2 Qxb5 37. Rxc2 Rb8 38. h3 Qd3 39. Re1 Rb3 40. Bg1 Ba3 41. Re3 Qb5 42. Rc8+ Rxc8 43. Rxb3 Qf1 44. Qxa3 Rc1 45. Rb8+ Kg7 46. Qf8# 1-0

[Event "CAN-ch U20"]
[Site "Mississauga CAN"]
[Date "2017.08.10"]
[Round "3.11"]
[White "Liu, Henry"]
[Black "Chen, Max"]
[Result "0-1"]
[WhiteElo "1598"]
[BlackElo "1987"]
[WhiteFideId "-1"]
[WhiteFideId "-1"]
[PlyCount "72"]
[GameId "2160767908347447"]
[EventDate "2017.08.09"]
[EventType "swiss"]
[EventRounds "7"]
[EventCountry "CAN"]
[SourceTitle "hb 2017"]

1. c4 Nf6 2. Nc3 d5 3. cxd5 Nxd5 4. g3 g6 5. Bg2 Nb6 6. Nf3 Bg7 7. O-O O-O 8. d3 Nc6 9. Be3 h6 10. Qd2 Kh7 11. Rac1 e5 12. h3 Be6 13. Kh2 Qd7 14. Rh1 Rad8 15. Kg1 f6 16. h4 h5 17. b3 Nd5 18. Bc5 Rfe8 19. Ne4 b6 20. Ba3 Bf5 21. Qc2 Nb8 22. Nc3 Nxc3 23. Qxc3 c5 24. Re1 Nc6 25. Nd2 Rc8 26. e4 Be6 27. f4 Red8 28. Bf1 Bh6 29. Nf3 Bg4 30. Ng5+ fxg5 31. hxg5 Bg7 32. Qd2 Nd4 33. Bg2 Nf3+ 34. Bxf3 Bxf3 35. Rh2 Qg4 36. Qf2 exf4 0-1

[Event "CAN-ch U20"]
[Site "Mississauga CAN"]
[Date "2017.08.10"]
[Round "3.12"]
[White "Kang, Dorian"]
[Black "Gilani, Mysha"]
[Result "1-0"]
[WhiteElo "1976"]
[BlackElo "1643"]
[WhiteFideId "-1"]
[WhiteFideId "-1"]
[PlyCount "141"]
[GameId "2160767908347448"]
[EventDate "2017.08.09"]
[EventType "swiss"]
[EventRounds "7"]
[EventCountry "CAN"]
[SourceTitle "hb 2017"]

1. c4 e5 2. Nc3 Bb4 3. Nd5 Bc5 4. e3 c6 5. Nc3 d6 6. d4 exd4 7. exd4 Qe7+ 8. Be2 Bb4 9. Nf3 Nf6 10. O-O O-O 11. h3 Bxc3 12. bxc3 Bf5 13. Bd3 Bxd3 14. Qxd3 Qe4 15. Qd1 Qg6 16. Re1 Nbd7 17. Nh4 Qh5 18. Qxh5 Nxh5 19. Nf5 Rfe8 20. Bd2 Rxe1+ 21. Rxe1 d5 22. cxd5 cxd5 23. Ne7+ Kf8 24. Nxd5 Re8 25. Rxe8+ Kxe8 26. g4 Nhf6 27. Nxf6+ Nxf6 28. f3 Kd7 29. Kf1 Nd5 30. Ke2 Kc6 31. c4 Nb6 32. Kd3 Nd7 33. Bb4 Kc7 34. d5 Ne5+ 35. Ke4 Nxc4 36. Bc3 f6 37. g5 Nd6+ 38. Kf4 fxg5+ 39. Kxg5 Nf7+ 40. Kf5 Kd6 41. Bxg7 Kxd5 42. f4 Nd6+ 43. Kg4 Ke4 44. Be5 Nc4 45. Bb8 a6 46. Kg5 Nb6 47. f5 Nd7 48. Bh2 Kf3 49. h4 b5 50. Bd6 a5 51. f6 Nxf6 52. Kxf6 Kg4 53. Ke5 Kxh4 54. Kd5 Kg5 55. Kc5 Kf6 56. Kxb5 Ke6 57. Bh2 Kd7 58. Kxa5 Kc6 59. Ka6 h6 60. a4 Kc5 61. a5 Kc6 62. Ka7 Kb5 63. a6 Kc6 64. Kb8 Kb6 65. a7 Kc6 66. a8=Q+ Kc5 67. Qe4 Kb5 68. Kb7 Ka5 69. Kc6 h5 70. Bc7+ Ka6 71. Qa4# 1-0

[Event "CAN-ch U20"]
[Site "Mississauga CAN"]
[Date "2017.08.10"]
[Round "3.13"]
[White "Yie, Kevin"]
[Black "Liao, Joseph"]
[Result "1-0"]
[WhiteElo "1765"]
[BlackElo "1717"]
[WhiteFideId "-1"]
[WhiteFideId "-1"]
[PlyCount "69"]
[GameId "2160767908347449"]
[EventDate "2017.08.09"]
[EventType "swiss"]
[EventRounds "7"]
[EventCountry "CAN"]
[SourceTitle "hb 2017"]

1. d4 Nf6 2. Nf3 e6 3. Bf4 d5 4. e3 Bd6 5. Bg3 O-O 6. Nbd2 c5 7. c3 Nc6 8. Bd3 b6 9. O-O Bb7 10. Ne5 Ne7 11. Qb1 Ng6 12. a4 Qc7 13. f4 a5 14. Rf3 Ba6 15. Bxa6 Rxa6 16. Qd3 c4 17. Qe2 Ra7 18. e4 Rb8 19. exd5 exd5 20. f5 Nf8 21. Bh4 Be7 22. Re3 Bd8 23. Bg3 Qb7 24. Nc6 Qxc6 25. Bxb8 Rb7 26. Be5 b5 27. axb5 Qxb5 28. Rb1 Qd7 29. Qf3 Rb5 30. Bxf6 Bxf6 31. Qf4 Qb7 32. Qd6 Rxb2 33. Rxb2 Qxb2 34. Re8 Qc1+ 35. Nf1 1-0

[Event "CAN-ch U20"]
[Site "Mississauga CAN"]
[Date "2017.08.10"]
[Round "3.14"]
[White "Xu, Daniel"]
[Black "Jiang, Brian"]
[Result "1/2-1/2"]
[WhiteElo "1895"]
[BlackElo "1827"]
[WhiteFideId "-1"]
[WhiteFideId "-1"]
[PlyCount "99"]
[GameId "2160767908347450"]
[EventDate "2017.08.09"]
[EventType "swiss"]
[EventRounds "7"]
[EventCountry "CAN"]
[SourceTitle "hb 2017"]

1. d4 Nf6 2. Nf3 e6 3. e3 c5 4. c4 cxd4 5. Nxd4 Be7 6. Be2 Nc6 7. O-O O-O 8. Nc3 d5 9. Bf3 Nxd4 10. Qxd4 dxc4 11. Qxc4 Rb8 12. Rd1 Qa5 13. Bd2 b5 14. Qf4 Qb6 15. e4 Bb7 16. Be3 Bc5 17. Bxc5 Qxc5 18. Rac1 Qb4 19. Rd2 Rbc8 20. a3 Qc4 21. Be2 Qc7 22. Qxc7 Rxc7 23. f3 a6 24. Rcd1 g5 25. g4 Rfc8 26. Kf2 Kf8 27. Ke3 Ke7 28. Rd6 Rd7 29. Rxd7+ Nxd7 30. h4 h6 31. hxg5 hxg5 32. Rc1 Ne5 33. Na2 Rxc1 34. Nxc1 Kd6 35. Kd4 f5 36. Nd3 Nc6+ 37. Ke3 f4+ 38. Kd2 Nd4 39. Bd1 Nc6 40. Kc3 Na5 41. b3 Bc8 42. Nb2 Bd7 43. b4 Nc6 44. Nd3 Ne5 45. Nxe5 Kxe5 46. Bb3 Bc6 47. Kd3 Bd7 48. Bd1 Bc6 49. Be2 Bd7 50. Kc3 1/2-1/2

[Event "CAN-ch U20"]
[Site "Mississauga CAN"]
[Date "2017.08.10"]
[Round "3.15"]
[White "Surya, Benito"]
[Black "Cui, Cynthia"]
[Result "1/2-1/2"]
[WhiteElo "1998"]
[BlackElo "1767"]
[WhiteFideId "-1"]
[WhiteFideId "-1"]
[PlyCount "85"]
[GameId "2160767908347451"]
[EventDate "2017.08.09"]
[EventType "swiss"]
[EventRounds "7"]
[EventCountry "CAN"]
[SourceTitle "hb 2017"]

1. e4 c6 2. d4 d5 3. exd5 cxd5 4. Bd3 Nf6 5. c3 Nc6 6. Bf4 e6 7. Nf3 Bd6 8. Bg3 Qc7 9. O-O Bxg3 10. hxg3 O-O 11. Nbd2 a6 12. Qc2 h6 13. Rae1 Re8 14. Ne5 Nxe5 15. dxe5 Nd7 16. f4 Nc5 17. Nf3 Nxd3 18. Qxd3 Qb6+ 19. Nd4 Qxb2 20. Re2 Qb6 21. g4 Bd7 22. Rb1 Qc7 23. Qh3 Bb5 24. Re3 Qe7 25. Nxb5 axb5 26. Rxb5 Rxa2 27. Rb1 Ra4 28. f5 exf5 29. gxf5 Re4 30. Rxe4 dxe4 31. e6 fxe6 32. fxe6 Qxe6 33. Qxe6+ Rxe6 34. Rxb7 Rc6 35. Rb3 e3 36. Kf1 Rg6 37. Rb2 Rc6 38. Rc2 Kf7 39. Ke2 Re6 40. Kd3 Ke7 41. Re2 Kd6 42. Rxe3 Rg6 43. Re2 1/2-1/2

[Event "CAN-ch U20"]
[Site "Mississauga CAN"]
[Date "2017.08.10"]
[Round "3.16"]
[White "Cui, Leonardo"]
[Black "Rusonik, Max"]
[Result "0-1"]
[WhiteElo "1872"]
[BlackElo "1880"]
[WhiteFideId "-1"]
[WhiteFideId "-1"]
[PlyCount "111"]
[GameId "2160767908347452"]
[EventDate "2017.08.09"]
[EventType "swiss"]
[EventRounds "7"]
[EventCountry "CAN"]
[SourceTitle "hb 2017"]

1. d4 f5 2. Nf3 Nf6 3. c4 g6 4. Nc3 Bg7 5. g3 O-O 6. Bg2 d6 7. O-O c6 8. Qc2 Na6 9. a3 Qe8 10. b4 e5 11. dxe5 dxe5 12. b5 Nc7 13. a4 c5 14. Ba3 b6 15. Nd2 Rb8 16. a5 Bb7 17. Na4 Bxg2 18. Kxg2 Ne6 19. Nb3 Nd7 20. Rad1 Nd4 21. Nxd4 exd4 22. Rfe1 Qf7 23. f4 Rfe8 24. Nb2 Nf6 25. Nd3 Ne4 26. Bb2 Nc3 27. Bxc3 dxc3 28. Qa2 Re4 29. Rb1 Qxc4 30. Qxc4+ Rxc4 31. axb6 axb6 32. Ra1 Rb7 33. Ra3 Re4 34. Ra2 Kf7 35. Rb1 Ree7 36. Nf2 Red7 37. e4 Bd4 38. e5 Ke6 39. Rc1 Ra7 40. Rac2 Ra5 41. Rb1 Rda7 42. Rb3 Ra2 43. Rbxc3 Bxc3 44. Rxc3 Rb2 45. Rd3 Rd7 46. Rxd7 Kxd7 47. Kf3 Rxb5 48. g4 Rb3+ 49. Kg2 c4 50. Nd1 c3 51. Nxc3 Rxc3 52. h4 fxg4 53. h5 gxh5 54. f5 Re3 55. e6+ Rxe6 56. fxe6+ 0-1

[Event "CAN-ch U20"]
[Site "Mississauga CAN"]
[Date "2017.08.11"]
[Round "4.1"]
[White "Chen, Richard"]
[Black "Liang, Hairan"]
[Result "1-0"]
[WhiteElo "2324"]
[BlackElo "2231"]
[WhiteFideId "-1"]
[WhiteFideId "-1"]
[PlyCount "95"]
[GameId "2160767908347454"]
[EventDate "2017.08.09"]
[EventType "swiss"]
[EventRounds "7"]
[EventCountry "CAN"]
[SourceTitle "hb 2017"]

1. e4 c5 2. Nf3 Nc6 3. Bb5 e6 4. Bxc6 bxc6 5. d3 Ne7 6. Qe2 d5 7. c4 Ng6 8. h4 h5 9. e5 Be7 10. Nc3 Qc7 11. Bd2 Bd7 12. Na4 f6 13. O-O-O Nxe5 14. Nxe5 Qxe5 15. Qxe5 fxe5 16. Rde1 Bd6 17. Be3 d4 18. Bg5 O-O 19. f3 Rf5 20. b3 Be8 21. Kc2 Bg6 22. Bc1 Rb8 23. Ba3 Rb4 24. Bxb4 cxb4 25. c5 Bc7 26. Nb2 e4 27. dxe4 Rxc5+ 28. Nc4 Bg3 29. Rd1 e5 30. Kd3 Bf7 31. Rc1 Kf8 32. Rc2 Ke7 33. Ne3 Rxc2 34. Nf5+ Kf8 35. Kxc2 Bf2 36. Rf1 d3+ 37. Kxd3 Bb6 38. Rc1 Be8 39. Nd6 Bd7 40. Rc4 a5 41. Nb7 Bc8 42. Nc5 Ke7 43. Rc1 g6 44. f4 Bg4 45. Rc2 exf4 46. e5 Bc8 47. Ne4 Bf5 48. Rxc6 1-0

[Event "CAN-ch U20"]
[Site "Mississauga CAN"]
[Date "2017.08.11"]
[Round "4.3"]
[White "Li, William"]
[Black "Hua, Eugene"]
[Result "1/2-1/2"]
[WhiteElo "2142"]
[BlackElo "2329"]
[WhiteFideId "-1"]
[WhiteFideId "-1"]
[PlyCount "77"]
[GameId "2160767908347456"]
[EventDate "2017.08.09"]
[EventType "swiss"]
[EventRounds "7"]
[EventCountry "CAN"]
[SourceTitle "hb 2017"]

1. e4 c5 2. Nf3 e6 3. d4 cxd4 4. Nxd4 Nc6 5. Nc3 Qc7 6. Be2 a6 7. O-O Nf6 8. Be3 Be7 9. f4 d6 10. Bf3 O-O 11. Nxc6 bxc6 12. Na4 Rb8 13. c4 Rd8 14. Qc2 c5 15. Rad1 Bb7 16. Nc3 Rd7 17. Rd2 Rbd8 18. Rfd1 Bc6 19. g4 Qb7 20. g5 Ne8 21. Rd3 Nc7 22. Qg2 Bf8 23. b3 a5 24. Nd5 exd5 25. exd5 Nxd5 26. Bxd5 Bxd5 27. Qxd5 Qc8 28. Qf5 g6 29. Qg4 Re8 30. Bd2 Bg7 31. Bc3 Bxc3 32. Rxc3 Qb7 33. Qf3 Re4 34. Rdd3 Rde7 35. Re3 Kg7 36. Kf2 Qb4 37. Rxe4 Rxe4 38. a3 Qb7 39. Re3 1/2-1/2

[Event "CAN-ch U20"]
[Site "Mississauga CAN"]
[Date "2017.08.11"]
[Round "4.4"]
[White "Noorali, Aahil"]
[Black "Dukic, Zachary"]
[Result "0-1"]
[WhiteElo "2008"]
[BlackElo "2238"]
[WhiteFideId "-1"]
[WhiteFideId "-1"]
[PlyCount "92"]
[GameId "2160767908347457"]
[EventDate "2017.08.09"]
[EventType "swiss"]
[EventRounds "7"]
[EventCountry "CAN"]
[SourceTitle "hb 2017"]

1. d4 Nf6 2. c4 e6 3. Nc3 Bb4 4. e3 O-O 5. Nge2 Re8 6. a3 Bf8 7. g3 d5 8. Bg2 c6 9. O-O b6 10. Qc2 Ba6 11. cxd5 exd5 12. Re1 Bb7 13. e4 c5 14. e5 cxd4 15. Nxd4 Bc5 16. Nb3 Ng4 17. Nxc5 bxc5 18. Qf5 Bc8 19. Qf4 Nc6 20. Bxd5 Ngxe5 21. Be3 Be6 22. Bxc6 Nxc6 23. Bxc5 Bb3 24. Rxe8+ Qxe8 25. Ne4 Rd8 26. Nd6 Qe2 27. Qe4 Qxe4 28. Nxe4 Ne5 29. Bxa7 f5 30. Bb6 Rd5 31. Nc5 Bd1 32. a4 Nf3+ 33. Kg2 Ne1+ 34. Kf1 Nc2 35. Rc1 Bf3 36. a5 Nb4 37. Bc7 Na2 38. Ra1 Rxc5 39. Bb6 Rc6 40. Ke1 Nb4 41. Kd2 Rc2+ 42. Ke3 Bb7 43. Rd1 Nd5+ 44. Kd4 Nxb6 45. axb6 Rc6 46. b4 Rd6+ 0-1

[Event "CAN-ch U20"]
[Site "Mississauga CAN"]
[Date "2017.08.11"]
[Round "4.5"]
[White "Chen, Max"]
[Black "Nasir, Zehn"]
[Result "1-0"]
[WhiteElo "1987"]
[BlackElo "2221"]
[WhiteFideId "-1"]
[WhiteFideId "-1"]
[PlyCount "89"]
[GameId "2160767908347458"]
[EventDate "2017.08.09"]
[EventType "swiss"]
[EventRounds "7"]
[EventCountry "CAN"]
[SourceTitle "hb 2017"]

1. e4 c6 2. Nc3 d5 3. Nf3 dxe4 4. Nxe4 Nf6 5. Nxf6+ gxf6 6. d4 Bg4 7. Be2 e6 8. Be3 Nd7 9. Qd2 Qc7 10. O-O-O O-O-O 11. c4 Rg8 12. g3 Ne5 13. Nxe5 fxe5 14. Bxg4 Rxg4 15. Qe2 Rgxd4 16. Bxd4 exd4 17. Qe4 Qa5 18. Rxd4 Bg7 19. Rxd8+ Qxd8 20. Qxh7 Qf6 21. Qc2 c5 22. Rd1 b6 23. h4 Bh6+ 24. Kb1 Bg7 25. Qd2 Qf5+ 26. Ka1 Bd4 27. Qe2 a5 28. Rh1 a4 29. a3 b5 30. cxb5 Qd5 31. Rc1 Qb3 32. Kb1 Kb8 33. h5 e5 34. h6 Qe6 35. Rh1 Qd5 36. f3 Qd8 37. h7 Qh8 38. Qe4 Ka7 39. Qc6 e4 40. Qa6+ Kb8 41. b6 Be5 42. Qa7+ Kc8 43. Qa8+ Bb8 44. Qc6+ Kd8 45. Rd1+ 1-0

[Event "CAN-ch U20"]
[Site "Mississauga CAN"]
[Date "2017.08.11"]
[Round "4.6"]
[White "Zhao, Harry"]
[Black "Kang, Dorian"]
[Result "1/2-1/2"]
[WhiteElo "2195"]
[BlackElo "1976"]
[WhiteFideId "-1"]
[WhiteFideId "-1"]
[PlyCount "74"]
[GameId "2160767908347459"]
[EventDate "2017.08.09"]
[EventType "swiss"]
[EventRounds "7"]
[EventCountry "CAN"]
[SourceTitle "hb 2017"]

1. d4 Nf6 2. Nf3 e6 3. Nbd2 c5 4. e3 d5 5. a3 Nc6 6. b3 Qc7 7. Bb2 cxd4 8. exd4 Be7 9. Bd3 O-O 10. O-O a6 11. Ne5 Bd6 12. f4 b5 13. Rf3 Qb6 14. Nxc6 Qxc6 15. Qe2 Bb7 16. Re1 Qc7 17. Ref1 Rac8 18. g3 Ne4 19. f5 exf5 20. Rxf5 Rce8 21. Qg2 g6 22. R5f3 Ng5 23. Rf6 Be7 24. R6f2 Bc8 25. g4 Qd7 26. h3 Ne6 27. Nf3 Nf4 28. Ne5 Nxg2 29. Nxd7 Bxd7 30. Kxg2 Bh4 31. Rf3 f5 32. gxf5 Bxf5 33. Bxf5 Re2+ 34. Kg1 Rxf5 35. Rxf5 gxf5 36. Bc3 Rxc2 37. Bb4 Bf6 1/2-1/2

[Event "CAN-ch U20"]
[Site "Mississauga CAN"]
[Date "2017.08.11"]
[Round "4.7"]
[White "Issani, Nameer"]
[Black "Cai, Jason"]
[Result "1-0"]
[WhiteElo "2072"]
[BlackElo "2297"]
[WhiteFideId "-1"]
[WhiteFideId "-1"]
[PlyCount "75"]
[GameId "2160767908347460"]
[EventDate "2017.08.09"]
[EventType "swiss"]
[EventRounds "7"]
[EventCountry "CAN"]
[SourceTitle "hb 2017"]

1. d4 e6 2. c4 Bb4+ 3. Bd2 a5 4. g3 d6 5. Bg2 Nc6 6. Nf3 e5 7. d5 Nce7 8. O-O Nf6 9. Re1 h6 10. e4 O-O 11. a3 Bc5 12. Nc3 Ng4 13. Be3 Nxe3 14. fxe3 f5 15. Kh1 Bd7 16. Nh4 f4 17. exf4 exf4 18. Rf1 fxg3 19. hxg3 g5 20. Nf3 Bg4 21. Qd2 Ng6 22. Nh2 Qd7 23. Na4 Ba7 24. c5 Bxc5 25. Nxc5 dxc5 26. Qc3 Bh3 27. Bxh3 Qxh3 28. Rf6 Ra6 29. Rxf8+ Nxf8 30. Rf1 Qd7 31. Qf3 Ng6 32. Ng4 Kg7 33. e5 Qe7 34. e6 Nh8 35. Qc3+ Kh7 36. Rf6 Qg7 37. Qd3+ Kg8 38. Nxh6+ 1-0

[Event "CAN-ch U20"]
[Site "Mississauga CAN"]
[Date "2017.08.11"]
[Round "4.8"]
[White "Ning, Eric"]
[Black "Yie, Kevin"]
[Result "1-0"]
[WhiteElo "1926"]
[BlackElo "2146"]
[WhiteFideId "-1"]
[WhiteFideId "-1"]
[PlyCount "85"]
[GameId "2160767908347461"]
[EventDate "2017.08.09"]
[EventType "swiss"]
[EventRounds "7"]
[EventCountry "CAN"]
[SourceTitle "hb 2017"]

1. d4 d5 2. c4 e6 3. Nf3 c6 4. e3 Nf6 5. Nbd2 Nbd7 6. b3 Be7 7. Bb2 O-O 8. Bd3 b6 9. O-O Bb7 10. Ne5 dxc4 11. bxc4 Nxe5 12. dxe5 Qxd3 13. exf6 Bxf6 14. Bxf6 gxf6 15. Qg4+ Qg6 16. Qf3 Rab8 17. c5 Rfd8 18. Rfd1 Rd5 19. Rac1 Rbd8 20. Nc4 bxc5 21. h3 Ba6 22. Na5 Bb5 23. Nb7 R8d6 24. Nxd6 Rg5 25. Nxb5 cxb5 26. h4 Rf5 27. Qg3 Qxg3 28. fxg3 a5 29. Rd8+ Kg7 30. Ra8 a4 31. Ra5 c4 32. Rb1 c3 33. Rc1 Rc5 34. Kf1 e5 35. e4 a3 36. Ke2 Rc4 37. Rxb5 Rxe4+ 38. Kf3 Rc4 39. Rb3 c2 40. Rxa3 f5 41. Rb3 Kg6 42. Rb2 e4+ 43. Kf4 1-0

[Event "CAN-ch U20"]
[Site "Mississauga CAN"]
[Date "2017.08.11"]
[Round "4.9"]
[White "Uthayakumar, Ronan"]
[Black "Yang, Fan"]
[Result "1/2-1/2"]
[WhiteElo "1828"]
[BlackElo "2103"]
[WhiteFideId "-1"]
[WhiteFideId "-1"]
[PlyCount "69"]
[GameId "2160767908347462"]
[EventDate "2017.08.09"]
[EventType "swiss"]
[EventRounds "7"]
[EventCountry "CAN"]
[SourceTitle "hb 2017"]

1. e4 e5 2. Nf3 Nc6 3. Bb5 a6 4. Ba4 Nf6 5. O-O b5 6. Bb3 Be7 7. Re1 d6 8. c3 O-O 9. h3 Na5 10. Bc2 c5 11. d4 Nc6 12. Nbd2 Re8 13. Nf1 h6 14. Ng3 Bf8 15. a4 Bd7 16. axb5 axb5 17. Be3 Qc7 18. Qd2 Red8 19. d5 Ne7 20. Nxe5 Rxa1 21. Rxa1 dxe5 22. d6 Qc6 23. dxe7 Bxe7 24. Qe2 Bd6 25. c4 bxc4 26. Qxc4 Be6 27. Qc3 Rc8 28. f3 c4 29. Nf1 Qb5 30. Ra5 Qb8 31. Ra4 Qc7 32. Nd2 Nd7 33. Kh2 Qc6 34. Bd1 f6 35. Qa5 1/2-1/2

[Event "CAN-ch U20"]
[Site "Mississauga CAN"]
[Date "2017.08.11"]
[Round "4.10"]
[White "Zhang, Henry"]
[Black "Maulucci, Anthony"]
[Result "1/2-1/2"]
[WhiteElo "2205"]
[BlackElo "2087"]
[WhiteFideId "-1"]
[WhiteFideId "-1"]
[PlyCount "86"]
[GameId "2160767908347463"]
[EventDate "2017.08.09"]
[EventType "swiss"]
[EventRounds "7"]
[EventCountry "CAN"]
[SourceTitle "hb 2017"]

1. e4 c6 2. d4 d5 3. Nd2 c5 4. exd5 Qxd5 5. Ngf3 cxd4 6. Bc4 Qd6 7. O-O Nf6 8. Nb3 Nc6 9. Nbxd4 Nxd4 10. Nxd4 e6 11. Re1 Qc7 12. Bf1 Be7 13. Qf3 O-O 14. c3 Bd6 15. h3 Bd7 16. Bg5 Nd5 17. Rad1 Be7 18. Bxe7 Nxe7 19. Bd3 Ng6 20. Qh5 Rfe8 21. Nf3 f6 22. Bxg6 hxg6 23. Qxg6 e5 24. Qd3 Rad8 25. Qe3 Bc6 26. a3 Qf7 27. Rd2 Bxf3 28. Rxd8 Rxd8 29. Qxf3 Qb3 30. Qe2 b5 31. Rc1 Qc4 32. Qxc4+ bxc4 33. Rc2 Rd1+ 34. Kh2 Rd3 35. f3 Kf7 36. Kg1 f5 37. Kf2 Ke6 38. Ke2 e4 39. Rd2 a5 40. a4 g5 41. Rxd3 exd3+ 42. Ke3 f4+ 43. Kd2 Kd5 1/2-1/2

[Event "CAN-ch U20"]
[Site "Mississauga CAN"]
[Date "2017.08.11"]
[Round "4.11"]
[White "Zheng, Kevin"]
[Black "Huang, Youhe"]
[Result "1/2-1/2"]
[WhiteElo "1874"]
[BlackElo "1680"]
[WhiteFideId "-1"]
[WhiteFideId "-1"]
[PlyCount "48"]
[GameId "2160767908347464"]
[EventDate "2017.08.09"]
[EventType "swiss"]
[EventRounds "7"]
[EventCountry "CAN"]
[SourceTitle "hb 2017"]

1. d4 Nf6 2. c4 g6 3. Nc3 Bg7 4. Bf4 d5 5. e3 c6 6. h3 Bf5 7. Nf3 Qb6 8. Qb3 Nbd7 9. Qxb6 Nxb6 10. b3 Ne4 11. Nxe4 Bxe4 12. Nd2 c5 13. Nxe4 dxe4 14. Rd1 O-O-O 15. Be2 cxd4 16. exd4 Rxd4 17. O-O Rhd8 18. Rxd4 Bxd4 19. c5 Nd5 20. Bg3 Nc3 21. Bc4 e6 22. b4 e3 23. fxe3 Bxe3+ 24. Kh2 Rd1 1/2-1/2